Normal view
MARC view
- Narayan, Shanti
Entry Personal Name
001 - CONTROL NUMBER
- control field: 3068
003 - CONTROL NUMBER IDENTIFIER
- control field: OSt
005 - DATE AND TIME OF LATEST TRANSACTION
- control field: 20180503104143.0
008 - FIXED-LENGTH DATA ELEMENTS
- fixed length control field: 180503|| aca||aabn | a|a d
040 ## - CATALOGING SOURCE
- Original cataloging agency: OSt
- Transcribing agency: OSt
100 ## - HEADING--PERSONAL NAME
- Personal name: Narayan, Shanti
670 ## - SOURCE DATA FOUND
- Source citation: Work cat.: (OSt)15379: Narayan, Shanti Mittal, P.K, A textbook of matrices (for B.Sc. and B.A students), 2017
